Statistics for Meals of the Hobbits

Click here to take the quiz!

General Stats

  • This quiz has been taken 35 times
  • The average score is 6 of 7

Answer Stats

TimeMeal% Correct
7 AMBreakfast
100%
6 PMDinner
96%
9 AMSecond Breakfast
86%
9 PMSupper
86%
3 PMAfternoon Tea
68%
11 AMElevenses
64%
1 PMLuncheon
64%

Score Distribution

Percentile by Number Answered

Percent of People with Each Score

Your Score History

You have not taken this quiz